000 00891nam a2200217Ia 4500
001 15697
003 GE_BSU
008 181216s||||||||xx |||||||||||||| ||und||
040 _cGE_BSU
080 _a821.353.1
100 _aჭავჭავაძე, ი. (ილია, 1837-1907)
245 _aთხზულებანი : სრული კრებული 5 ტომად. ტ. 3
245 _bტ. 3 : საქართველოს მატიანე ; ცხოვრება და კანონი ; წერილები უცხოეთიდან
245 _cრედ.პ.ინგოროყვა. მხატვ.ბ.გორდეზიანი
260 _aთბილისი
260 _bსახელგამი
260 _c1952
300 _a636 გვ.26სმ.
653 _aთხზულებანი
942 _cBK
999 _c48795
_d48795